| 000 | 00745nam a2200217 i 4500 | ||
|---|---|---|---|
| 001 | 78741 | ||
| 003 | ES-MaACL | ||
| 005 | 20250415213636.0 | ||
| 007 | t| | ||
| 008 | 041015s1963 sp ||||1| spa d | ||
| 100 | 1 |
_aHeer, Friedrich. _962306 |
|
| 245 | 1 | 3 |
_aEl mundo medieval _b: Europa 1100-1350 / _cFriedrich Heer ; [lo tradujo del alemán Manuel Sacristán Luzón]. |
| 260 |
_aMadrid : _bGuadarrama, _c[1963] |
||
| 300 |
_a505 p., 124 lám. ; _c24 cm. |
||
| 490 | 1 | _aHistoria de la Cultura "Guadarrama" | |
| 650 | 4 |
_aCivilización medieval. _9146249 |
|
| 700 | 1 |
_aSacristán, Manuel, _d1925-1985 _9101268 |
|
| 830 | 0 |
_aHistoria de la Cultura "Guadarrama" _9183491 |
|
| 852 |
_aES-MaACL _jC-23073 _bR.51864 |
||
| 999 |
_c78741 _d78741 |
||